El amor, las mujeres y la muerte

Bewaard in:
Bibliografische gegevens
Hoofdauteur: Schopenhauer, Arthur (Auteur)
Formaat: Boek
Taal:Spaans
Gepubliceerd in: Valencia Prometeo 1966
Onderwerpen:
Tags: Voeg label toe
Geen labels, Wees de eerste die dit record labelt!

MARC

LEADER 00000nam a2200000 a 4500
001 UCY9280
003 CL-VaPUC
008 950713e19660000SP |||||||||||||||||spa|d
082 0 4 |a 149.6  |b SCH  |2 21 
100 0 |a Schopenhauer, Arthur  |e author  |9 265694 
245 1 3 |a El amor, las mujeres y la muerte 
300 |a 205 p 
942 |c BK 
945 |d 19950713 00:00:00  |a aalvarez 
260 |a Valencia  |b Prometeo  |c 1966 
650 0 |a Pesimismo  |9 322258 
650 0 |a Filosofía de la religión   |9 256017 
583 |a last modification  |c 20170530 05:26:56  |k Rodrigo Vera 
999 |c 236404  |d 236402 
952 |0 0  |1 0  |4 0  |6 149_600000000000000_SCH_1966  |7 0  |8 A  |9 244472  |a BIBEDU  |b BIBEDU  |d 2019-11-18  |i 3104869  |l 3  |o 149.6 SCH 1966  |p 3104869  |r 2024-03-15  |s 2024-03-08  |w 2019-11-18  |y BK  |k FIL